[Event "Aeroflot Open 2012 A"]
[Site "Moscow"]
[Date "2012.02.13"]
[Round "7"]
[White "Alekseev, Evgeny"]
[Black "Sokolov, Ivan"]
[Result "1/2-1/2"]
[WhiteElo "2670"]
[BlackElo "2641"]
[PlyCount "61"]
[EventDate "2012.02.07"]
[EventType "swiss"]
[EventRounds "9"]
[EventCountry "RUS"]

1. e4 e5 2. Nf3 Nc6 3. Bc4 Bc5 4. c3 Nf6 5. d3 d6 6. Bb3 h6 7. O-O a6 8. Be3
Bxe3 9. fxe3 O-O 10. Nbd2 Nh7 11. d4 Ng5 12. Nxg5 Qxg5 13. Qe1 Bd7 14. Nf3 Qg4
15. Bc2 Rae8 16. h3 Qg6 17. Nh4 Qh7 18. Qd2 Nd8 19. dxe5 Rxe5 20. Nf3 Ree8 21.
e5 Bf5 22. Bxf5 Qxf5 23. exd6 cxd6 24. Qxd6 Rxe3 25. Nd4 Qg5 26. Rf5 Qe7 27.
Qxe7 Rxe7 28. Rd5 g6 29. Rd1 Kg7 30. Rd2 Rfe8 31. Kf2 1/2-1/2

[Event "Aeroflot Open 2012 A"]
[Site "Moscow"]
[Date "2012.02.13"]
[Round "7"]
[White "Rodshtein, Maxim"]
[Black "Bu, Xiangzhi"]
[Result "1/2-1/2"]
[WhiteElo "2634"]
[BlackElo "2670"]
[PlyCount "68"]
[EventDate "2012.02.07"]
[EventType "swiss"]
[EventRounds "9"]
[EventCountry "RUS"]

1. d4 d5 2. c4 c6 3. Nf3 Nf6 4. Nc3 dxc4 5. a4 Bf5 6. Ne5 Nbd7 7. Nxc4 Nb6 8.
Ne5 a5 9. e3 Nbd7 10. Nc4 e6 11. f3 Nb6 12. e4 Nxc4 13. exf5 Nb6 14. fxe6 fxe6
15. g3 Bb4 16. Bh3 Nfd5 17. Qd3 Qf6 18. O-O O-O 19. Ne4 Qg6 20. Kh1 Rae8 21. f4
Nc4 22. Qxc4 Qxe4+ 23. Bg2 Qf5 24. Qe2 Rd8 25. Rd1 Rd6 26. Be3 Nxe3 27. Qxe3
Rfd8 28. Rd3 Qf6 29. Rad1 c5 30. dxc5 Bxc5 31. Rxd6 Rxd6 32. Qe1 Rxd1 33. Qxd1
Qxb2 34. h4 Qd4 1/2-1/2

[Event "Aeroflot Open 2012 A"]
[Site "Moscow"]
[Date "2012.02.13"]
[Round "7"]
[White "Melkumyan, Hrant"]
[Black "Balogh, Csaba"]
[Result "1-0"]
[WhiteElo "2620"]
[BlackElo "2665"]
[PlyCount "173"]
[EventDate "2012.02.07"]
[EventType "swiss"]
[EventRounds "9"]
[EventCountry "RUS"]

1. d4 d5 2. c4 c6 3. Nc3 Nf6 4. e3 e6 5. Nf3 Nbd7 6. Qc2 b6 7. Be2 Bb7 8. O-O
dxc4 9. Bxc4 c5 10. Qe2 a6 11. a4 Be7 12. Rd1 Qc8 13. b3 O-O 14. Bb2 cxd4 15.
exd4 Re8 16. Rac1 Qb8 17. Ne5 Bb4 18. Rd3 Nf8 19. Rg3 Qd8 20. Bd3 Ng6 21. Ne4
Nxe4 22. Bxe4 Bxe4 23. Qxe4 Qd5 24. Qxd5 exd5 25. Kf1 Rac8 26. Rxc8 Rxc8 27.
Re3 f6 28. Nd3 Bd6 29. Re6 Rd8 30. Re1 Kf7 31. Rc1 Ne7 32. Ke2 a5 33. h3 h5 34.
Rc2 Ke6 35. Kf1 Kd7 36. Rc1 g5 37. g3 Nf5 38. Kg2 Re8 39. Re1 Re4 40. Kf1 Ke6
41. Bc3 Kd7 42. Bb2 g4 43. hxg4 hxg4 44. Nc1 Ne7 45. Rd1 Re6 46. Ne2 Bb4 47.
Rd3 Rc6 48. Bc3 Nf5 49. Bxb4 axb4 50. f3 Rc2 51. fxg4 Nd6 52. Nf4 Kc6 53. Re3
Ne4 54. Nd3 Kd6 55. Nxb4 Rb2 56. Ke1 Rb1+ 57. Ke2 Rb2+ 58. Kd1 Rg2 59. Rf3 Rg1+
60. Kc2 Rg2+ 61. Kc1 Rg1+ 62. Kb2 Rxg3 63. Rxg3 Nxg3 64. Nc2 f5 65. g5 f4 66.
Ne1 Ne4 67. Nf3 Ke6 68. b4 Nd6 69. Kc3 Nc4 70. Ne5 Nd6 71. a5 Nb5+ 72. Kd3 bxa5
73. bxa5 Kf5 74. g6 Kf6 75. a6 Kg7 76. Kd2 Kf6 77. Ke1 Kg7 78. Kf2 Kf6 79. Kg2
Kg7 80. Kf3 Nxd4+ 81. Kxf4 Nb5 82. Kg5 Na7 83. Nd3 Nb5 84. Nf4 d4 85. Nh5+ Kf8
86. Kh6 d3 87. g7+ 1-0

[Event "Aeroflot Open 2012 A"]
[Site "Moscow"]
[Date "2012.02.13"]
[Round "7"]
[White "Esen, Baris"]
[Black "Iordachescu, Viorel"]
[Result "0-1"]
[WhiteElo "2534"]
[BlackElo "2651"]
[PlyCount "120"]
[EventDate "2012.02.07"]
[EventType "swiss"]
[EventRounds "9"]
[EventCountry "RUS"]

1. d4 Nf6 2. c4 e6 3. Nf3 b6 4. a3 Ba6 5. Qc2 c5 6. d5 exd5 7. cxd5 d6 8. Nc3
g6 9. g3 Bg7 10. Bg2 O-O 11. O-O Re8 12. Re1 b5 13. b4 Nbd7 14. bxc5 Nxc5 15.
Bb2 Qb6 16. Nd4 Ng4 17. e3 Ne5 18. Red1 Nc4 19. Bc1 Bc8 20. Ncxb5 Bg4 21. Rf1
a6 22. Nc7 Nxe3 23. Bxe3 Qxc7 24. Qa2 Qd7 25. Rab1 h5 26. Qc4 Bh3 27. Bxh3 Qxh3
28. Rfe1 h4 29. Nf3 hxg3 30. fxg3 Qf5 31. Nh4 Qd3 32. Qxd3 Nxd3 33. Re2 Rxe3
34. Rxe3 Bd4 35. Ng2 Re8 36. Kf1 Bxe3 37. Rb3 Bc5 38. Rxd3 Re4 39. Ne1 Kg7 40.
Rc3 Rd4 41. Nd3 Rxd5 42. Ke2 Kf6 43. Rc4 a5 44. a4 Rd4 45. Rxd4 Bxd4 46. Kf3
Ke6 47. Ke4 Be5 48. Nc1 Bc3 49. Ne2 Be5 50. Nc1 f5+ 51. Kd3 d5 52. Nb3 Bc7 53.
Nd4+ Kf6 54. Ne2 Be5 55. h3 Ke6 56. g4 fxg4 57. hxg4 Kd6 58. Ng1 g5 59. Nf3 Bf6
60. Kc2 Kc6 0-1

[Event "Aeroflot Open 2012 A"]
[Site "Moscow"]
[Date "2012.02.13"]
[Round "7"]
[White "Safarli, Eltaj"]
[Black "Sasikiran, Krishnan"]
[Result "1/2-1/2"]
[WhiteElo "2638"]
[BlackElo "2700"]
[PlyCount "121"]
[EventDate "2012.02.07"]
[EventType "swiss"]
[EventRounds "9"]
[EventCountry "RUS"]

1. e4 e5 2. Nf3 Nc6 3. Bb5 a6 4. Ba4 Nf6 5. O-O Be7 6. Re1 b5 7. Bb3 d6 8. c3
O-O 9. h3 Nb8 10. d4 Nbd7 11. Nbd2 Bb7 12. Bc2 Re8 13. a4 Bf8 14. Bd3 c6 15.
Qc2 g6 16. dxe5 dxe5 17. Nb3 Qc7 18. axb5 cxb5 19. Na5 Nc5 20. Nxb7 Nxd3 21.
Qxd3 Qxb7 22. Bg5 Nd7 23. Rad1 Nc5 24. Qe3 Qc6 25. Bh6 f6 26. Bxf8 Rxf8 27. h4
Na4 28. Re2 Rad8 29. Red2 Rxd2 30. Rxd2 Nc5 31. Rd5 Ne6 32. g3 Rd8 33. Qd2 Qa8
34. h5 Rxd5 35. exd5 Nf8 36. Nh4 Kg7 37. Qd3 Qc8 38. b3 Kf7 39. c4 Qc5 40. Nf3
Nd7 41. Nh4 Nf8 42. Nf3 Ke7 43. hxg6 hxg6 44. Nd2 f5 45. Qc3 Nd7 46. Nf3 Qd6
47. Qa5 Qb6 48. Qxb6 Nxb6 49. cxb5 axb5 50. Nxe5 Kf6 51. Nc6 Nxd5 52. Kf1 Nc3
53. Ke1 Ke6 54. Kd2 Ne4+ 55. Ke3 Kd6 56. Nd4 Kc5 57. g4 Nxf2 58. gxf5 Ng4+ 59.
Kd3 Nf2+ 60. Ke3 Ng4+ 61. Ke4 1/2-1/2

[Event "Aeroflot Open 2012 A"]
[Site "Moscow"]
[Date "2012.02.13"]
[Round "7"]
[White "Zhou, Jianchao"]
[Black "Nepomniachtchi, Ian"]
[Result "1-0"]
[WhiteElo "2619"]
[BlackElo "2735"]
[PlyCount "111"]
[EventDate "2012.02.07"]
[EventType "swiss"]
[EventRounds "9"]
[EventCountry "RUS"]

1. Nf3 c5 2. c4 g6 3. d4 Bg7 4. d5 f5 5. g3 Qb6 6. Qc2 e5 7. e4 d6 8. Nc3 Ne7
9. Bg5 fxe4 10. Nxe4 Bg4 11. Nfd2 Nd7 12. Qb3 Rd8 13. h3 Bf5 14. g4 Bxe4 15.
Nxe4 h6 16. Qxb6 Nxb6 17. Bd2 Ng8 18. b4 Na4 19. Bd3 Nf6 20. Nxf6+ Bxf6 21.
Bxg6+ Ke7 22. Bc2 Nb6 23. bxc5 Nxc4 24. Rb1 dxc5 25. Rxb7+ Rd7 26. Rxd7+ Kxd7
27. Bc1 Bg5 28. Ke2 Kd6 29. h4 Bxc1 30. Rxc1 Nb6 31. Rd1 Rg8 32. f3 c4 33. Be4
Na4 34. Kd2 Rb8 35. Rb1 Rxb1 36. Bxb1 Kxd5 37. Bh7 Kd4 38. g5 hxg5 39. hxg5 Nc5
40. Bf5 e4 41. g6 c3+ 42. Kc2 e3 43. Kd1 Nd3 44. g7 c2+ 45. Kxc2 e2 46. g8=Q
e1=Q 47. Qg4+ Ke3 48. Qe4+ Kf2 49. Qxd3 Qa1 50. Kb3 a5 51. Qd2+ Kg1 52. Qxa5
Qd1+ 53. Kb2 Qe2+ 54. Bc2 Qxf3 55. Qe1+ Kh2 56. Qd2+ 1-0

[Event "Aeroflot Open 2012 A"]
[Site "Moscow"]
[Date "2012.02.13"]
[Round "7"]
[White "Rakhmanov, Aleksandr"]
[Black "Zvjaginsev, Vadim"]
[Result "1/2-1/2"]
[WhiteElo "2593"]
[BlackElo "2688"]
[PlyCount "56"]
[EventDate "2012.02.07"]
[EventType "swiss"]
[EventRounds "9"]
[EventCountry "RUS"]

1. d4 c5 2. d5 Nf6 3. c4 b5 4. cxb5 a6 5. b6 d6 6. Nc3 Nbd7 7. e4 Rb8 8. Nf3 g6
9. Be2 Bg7 10. O-O O-O 11. Rb1 Rxb6 12. b3 Ne8 13. Bd2 Ne5 14. Nxe5 Bxe5 15.
Na4 Rb8 16. Bc3 Bxc3 17. Nxc3 f5 18. Bc4 Nf6 19. exf5 Bxf5 20. Rb2 Rf7 21. Re2
Bd7 22. Ne4 Nxe4 23. Rxe4 Bb5 24. h4 Qf8 25. h5 Qh6 26. Qe2 Qxh5 27. Rxe7 Qxe2
28. Rxe2 Rf4 1/2-1/2

[Event "Aeroflot Open 2012 A"]
[Site "Moscow"]
[Date "2012.02.13"]
[Round "7"]
[White "Gajewski, Grzegorz"]
[Black "Khismatullin, Denis"]
[Result "1-0"]
[WhiteElo "2616"]
[BlackElo "2664"]
[PlyCount "71"]
[EventDate "2012.02.07"]
[EventType "swiss"]
[EventRounds "9"]
[EventCountry "RUS"]

1. d4 Nf6 2. c4 e6 3. Nc3 Bb4 4. e3 O-O 5. Bd3 c5 6. Nf3 d5 7. a3 Bxc3+ 8. bxc3
Nc6 9. O-O Qc7 10. h3 dxc4 11. Bxc4 e5 12. Bb5 cxd4 13. cxd4 e4 14. Nd2 Be6 15.
a4 a6 16. Be2 Rfd8 17. Ba3 Rd5 18. Bc4 Rdd8 19. Bxe6 fxe6 20. Qb3 Qf7 21. Rab1
Rd7 22. f4 Na5 23. Qa2 Rc8 24. Rfc1 Rxc1+ 25. Rxc1 h6 26. Rc8+ Kh7 27. Rf8 Qh5
28. Qxe6 Qd5 29. f5 Nc6 30. Rxf6 gxf6 31. Nxe4 Qxe6 32. fxe6 Rd8 33. d5 Kg6 34.
dxc6 Rd1+ 35. Kh2 bxc6 36. e7 1-0

[Event "Aeroflot Open 2012 A"]
[Site "Moscow"]
[Date "2012.02.13"]
[Round "7"]
[White "Zherebukh, Yaroslav"]
[Black "Ragger, Markus"]
[Result "1/2-1/2"]
[WhiteElo "2594"]
[BlackElo "2655"]
[PlyCount "21"]
[EventDate "2012.02.07"]
[EventType "swiss"]
[EventRounds "9"]
[EventCountry "RUS"]

1. e4 e5 2. Nf3 Nc6 3. d4 exd4 4. Nxd4 Nf6 5. Nxc6 bxc6 6. e5 Qe7 7. Qe2 Nd5 8.
c4 Ba6 9. b3 g6 10. Bb2 Bg7 11. g3 1/2-1/2

[Event "Aeroflot Open 2012 A"]
[Site "Moscow"]
[Date "2012.02.13"]
[Round "7"]
[White "Sethuraman, S.P."]
[Black "Gupta, Abhijeet"]
[Result "1/2-1/2"]
[WhiteElo "2529"]
[BlackElo "2652"]
[PlyCount "101"]
[EventDate "2012.02.07"]
[EventType "swiss"]
[EventRounds "9"]
[EventCountry "RUS"]

1. d4 d5 2. c4 c6 3. Nc3 Nf6 4. e3 g6 5. Nf3 Bg7 6. Be2 O-O 7. O-O dxc4 8. Bxc4
Nbd7 9. b4 Nb6 10. Bd3 Bg4 11. Bb2 e5 12. dxe5 Nfd7 13. Ne4 Nxe5 14. Bxe5 Bxe5
15. Rc1 Bg7 16. Nc5 Nd5 17. Nxb7 Qc7 18. Nc5 Nxb4 19. Na6 Nxa6 20. Bxa6 Rab8
21. Qa4 Bd7 22. Nd4 c5 23. Qa3 Qd6 24. Nb3 Rfd8 25. Bc4 Bf8 26. Qxa7 Ra8 27.
Qb7 Qc6 28. Qxc6 Bxc6 29. Rc2 Be4 30. Rd2 Rxd2 31. Nxd2 Bf5 32. Bb3 Be6 33. Nc4
Be7 34. Rc1 Ra6 35. Kf1 Kg7 36. Ke2 h5 37. Rc2 h4 38. Nd2 h3 39. g3 Bg4+ 40. f3
Bd7 41. Kf2 Bf5 42. Rc1 Bd7 43. Ne4 Ra5 44. Rd1 Bb5 45. Nd2 Ra7 46. Nc4 Ba4 47.
Rd2 Bb5 48. Rc2 Rd7 49. Rd2 Ra7 50. Ne5 Bf6 51. Nc4 1/2-1/2

[Event "Aeroflot Open 2012 A"]
[Site "Moscow"]
[Date "2012.02.13"]
[Round "7"]
[White "Nisipeanu, Liviu-Dieter"]
[Black "Popov, Ivan"]
[Result "0-1"]
[WhiteElo "2647"]
[BlackElo "2599"]
[PlyCount "63"]
[EventDate "2012.02.07"]
[EventType "swiss"]
[EventRounds "9"]
[EventCountry "RUS"]

1. e4 c5 2. Nf3 d6 3. d4 cxd4 4. Nxd4 Nf6 5. Nc3 Nc6 6. Bc4 e6 7. Be3 a6 8. Qe2
Qc7 9. O-O-O Be7 10. Bb3 Na5 11. g4 b5 12. g5 Nxb3+ 13. axb3 Nd7 14. h4 b4 15.
Na4 Nc5 16. f3 Bd7 17. Kb1 g6 18. h5 e5 19. hxg6 fxg6 20. Qc4 exd4 21. Bxd4 Be6
22. Qxb4 O-O 23. Qc3 Qb7 24. Bxc5 dxc5 25. Qe5 Qc6 26. Nc3 Rxf3 27. Nd5 Rf7 28.
Nf6+ Bxf6 29. gxf6 Bd7 30. Qf4 Rxf6 31. Qh2 Rf7 32. e5 0-1

[Event "Aeroflot Open 2012 A"]
[Site "Moscow"]
[Date "2012.02.13"]
[Round "7"]
[White "Socko, Bartosz"]
[Black "Robson, Ray"]
[Result "1-0"]
[WhiteElo "2636"]
[BlackElo "2596"]
[PlyCount "141"]
[EventDate "2012.02.07"]
[EventType "swiss"]
[EventRounds "9"]
[EventCountry "RUS"]

1. e4 c5 2. Nf3 d6 3. d4 cxd4 4. Nxd4 Nf6 5. Nc3 g6 6. Be3 Bg7 7. f3 Nc6 8. Qd2
O-O 9. g4 Be6 10. Nxe6 fxe6 11. O-O-O Ne5 12. Be2 Qc8 13. Bh6 Bxh6 14. Qxh6 Qc5
15. h4 Kh8 16. Qd2 Rac8 17. Rhf1 d5 18. exd5 exd5 19. g5 Nh5 20. Qxd5 Nf4 21.
Qxc5 Rxc5 22. Rd2 Kg7 23. Bd1 h6 24. Re1 hxg5 25. hxg5 Rf5 26. Re4 Nh3 27. Ra4
a6 28. Rh2 Nxg5 29. f4 b5 30. Rxa6 Rxf4 31. Ra5 Rf1 32. Rxb5 Rxb5 33. Nxb5 Ngf3
34. Re2 g5 35. a4 Nc6 36. Re6 Nb4 37. c3 Nd3+ 38. Kc2 Nc5 39. Rxe7+ Kf6 40. Re3
g4 41. Nd4 Rf2+ 42. Kb1 Nd2+ 43. Ka2 Nc4 44. Re2 g3 45. Rxf2+ gxf2 46. Be2 Nd2
47. Ka3 f1=Q 48. Bxf1 Nxf1 49. Kb4 Nd7 50. Kb5 Ke7 51. Kc6 Kd8 52. Nb5 Nd2 53.
b4 Ne4 54. a5 Kc8 55. Nd6+ Nxd6 56. Kxd6 Nf6 57. Kc6 Ng4 58. b5 Ne5+ 59. Kd5
Nd3 60. Kd6 Kb7 61. c4 Nb2 62. a6+ Ka7 63. c5 Na4 64. Kd5 Nc3+ 65. Kc6 Ne2 66.
Kd7 Nc3 67. b6+ Kxa6 68. c6 Nd5 69. b7 Nb6+ 70. Kc7 Nd5+ 71. Kd6 1-0

[Event "Aeroflot Open 2012 A"]
[Site "Moscow"]
[Date "2012.02.13"]
[Round "7"]
[White "Sandipan, Chanda"]
[Black "Grigoryan, Karen H"]
[Result "0-1"]
[WhiteElo "2628"]
[BlackElo "2482"]
[PlyCount "92"]
[EventDate "2012.02.07"]
[EventType "swiss"]
[EventRounds "9"]
[EventCountry "RUS"]

1. d4 d5 2. c4 dxc4 3. e4 e5 4. Nf3 exd4 5. Bxc4 Nc6 6. O-O Bc5 7. Qb3 Qe7 8.
e5 Bb6 9. Bg5 Qf8 10. Re1 Na5 11. Qa4+ Bd7 12. Bb5 Bxb5 13. Qxb5+ Nc6 14. Nbd2
h6 15. e6 f6 16. Bf4 O-O-O 17. Nc4 Nge7 18. Nxb6+ axb6 19. Qa4 Kb8 20. Rac1 Rd5
21. b4 b5 22. Qb3 g5 23. Bg3 h5 24. h4 g4 25. Nd2 Qh6 26. Ne4 d3 27. Red1 Rhd8
28. Qc3 Nf5 29. Qxf6 Qxf6 30. Nxf6 Rd4 31. a3 Nxg3 32. fxg3 Rc4 33. Nxh5 d2 34.
Rb1 Rc2 35. Nf6 Rd6 36. Ne4 Rd4 37. Ng5 Rd5 38. Kf2 Nd4 39. e7 Re5 40. h5 Re2+
41. Kg1 Nf5 42. Kh2 Rxe7 43. Rh1 Nh6 44. Rhf1 Re5 45. Nh7 Rxh5+ 46. Kg1 Nf5 0-1

[Event "Aeroflot Open 2012 A"]
[Site "Moscow"]
[Date "2012.02.13"]
[Round "7"]
[White "Akopian, Vladimir"]
[Black "Ghaem Maghami, Ehsan"]
[Result "1-0"]
[WhiteElo "2685"]
[BlackElo "2570"]
[PlyCount "111"]
[EventDate "2012.02.07"]
[EventType "swiss"]
[EventRounds "9"]
[EventCountry "RUS"]

1. e4 e5 2. Nf3 Nf6 3. Nxe5 d6 4. Nf3 Nxe4 5. d4 d5 6. Bd3 Be7 7. O-O Nc6 8. c4
Nf6 9. h3 O-O 10. Nc3 dxc4 11. Bxc4 Bf5 12. Re1 Na5 13. Bf1 Nc6 14. d5 Nb4 15.
Re5 Bc2 16. Qd2 Bg6 17. a3 Na6 18. b4 Nb8 19. Bb2 Nbd7 20. Ree1 a6 21. g4 Re8
22. Qd4 Bf8 23. h4 h6 24. g5 hxg5 25. hxg5 Rxe1 26. Rxe1 Nh7 27. Qg4 Nb6 28.
Bc1 Qd7 29. Qxd7 Nxd7 30. Nh4 Bc2 31. Bh3 Nb6 32. g6 fxg6 33. Be6+ Kh8 34. Ne4
Bxe4 35. Rxe4 Nf6 36. Re3 g5 37. Ng6+ Kh7 38. Bf5 Kg8 39. Be6+ Kh7 40. Ne5 g4
41. Bf5+ Kg8 42. Nxg4 Nfxd5 43. Be6+ Kh7 44. Rh3+ Kg6 45. Rf3 Kh7 46. Rh3+ Kg6
47. Rf3 Kh7 48. Bf7 g5 49. Bxg5 Be7 50. Bh6 Rg8 51. Bxg8+ Kxg8 52. Ne3 Nxe3 53.
Bxe3 Nd5 54. Bd4 b6 55. Rf5 c6 56. Kg2 1-0

[Event "Aeroflot Open 2012 A"]
[Site "Moscow"]
[Date "2012.02.13"]
[Round "7"]
[White "Grigoriants, Sergey"]
[Black "Kobalia, Mikhail"]
[Result "1/2-1/2"]
[WhiteElo "2570"]
[BlackElo "2673"]
[PlyCount "42"]
[EventDate "2012.02.07"]
[EventType "swiss"]
[EventRounds "9"]
[EventCountry "RUS"]

1. e4 e5 2. Nf3 Nc6 3. Bb5 Nf6 4. d3 d6 5. O-O Be7 6. c3 O-O 7. Nbd2 Bd7 8. Re1
Re8 9. Nf1 h6 10. Ng3 Bf8 11. a4 Ne7 12. d4 Ng6 13. dxe5 dxe5 14. Nh5 c6 15.
Nxf6+ gxf6 16. Bc4 Be6 17. Bxe6 fxe6 18. Qe2 Qd7 19. Nh4 Nxh4 20. Qg4+ Qg7 21.
Qxh4 f5 1/2-1/2

[Event "Aeroflot Open 2012 A"]
[Site "Moscow"]
[Date "2012.02.13"]
[Round "7"]
[White "Iturrizaga, Eduardo"]
[Black "Jumabayev, Rinat"]
[Result "1/2-1/2"]
[WhiteElo "2649"]
[BlackElo "2573"]
[PlyCount "119"]
[EventDate "2012.02.07"]
[EventType "swiss"]
[EventRounds "9"]
[EventCountry "RUS"]

1. Nf3 d5 2. c4 c6 3. d4 Nf6 4. Nc3 e6 5. Bg5 h6 6. Bxf6 Qxf6 7. e3 g6 8. Bd3
Nd7 9. O-O Bg7 10. e4 dxc4 11. e5 Qe7 12. Bxc4 O-O 13. Qe2 b5 14. Bd3 Rb8 15.
Rac1 c5 16. Nxb5 Bb7 17. Nd2 cxd4 18. f4 Nc5 19. Nd6 Nxd3 20. Qxd3 Bd5 21. N2c4
f5 22. Qxd4 g5 23. b3 Kh7 24. Rc3 Rbd8 25. Rd1 Rd7 26. Qf2 Rfd8 27. Rcd3 Bc6
28. Rd4 Rf8 29. R1d3 Rc7 30. h3 h5 31. Qe2 gxf4 32. Qxh5+ Bh6 33. Rxf4 Rg8 34.
Rf2 Qf8 35. Kf1 Rg5 36. Qh4 Qg7 37. g3 Qg6 38. Ke2 Rg7 39. g4 fxg4 40. Rf6 Qh5
41. Qxh5 Rxh5 42. hxg4 Rxg4 43. Rf2 Rf4 44. Rxf4 Bxf4 45. Rd4 Bxe5 46. Nxe5
Rxe5+ 47. Kd3 Kg6 48. Nc4 Bb5 49. Kc3 Bxc4 50. bxc4 Kf6 51. Rd6 Ra5 52. Rd2 Rh5
53. Rb2 e5 54. c5 Rh4 55. Rd2 Ra4 56. c6 Ra6 57. Rd6+ Ke7 58. Rh6 Rxa2 59. Rh7+
Kd8 60. Rd7+ 1/2-1/2

[Event "Aeroflot Open 2012 A"]
[Site "Moscow"]
[Date "2012.02.13"]
[Round "7"]
[White "Negi, Parimarjan"]
[Black "Shomoev, Anton"]
[Result "0-1"]
[WhiteElo "2641"]
[BlackElo "2570"]
[PlyCount "70"]
[EventDate "2012.02.07"]
[EventType "swiss"]
[EventRounds "9"]
[EventCountry "RUS"]

1. e4 c5 2. Nf3 d6 3. d4 cxd4 4. Nxd4 Nf6 5. Nc3 a6 6. Bg5 e6 7. f4 b5 8. e5
dxe5 9. fxe5 Qc7 10. exf6 Qe5+ 11. Be2 Qxg5 12. O-O Ra7 13. Qd3 Rd7 14. Ne4 Qe5
15. Nf3 Qxb2 16. Qe3 Bb7 17. Rab1 Qxa2 18. c4 Bxe4 19. fxg7 Bxg7 20. Qxe4 Rd6
21. Ng5 Rd4 22. Qb7 O-O 23. Bd3 Qd2 24. Rxf7 Qxg5 25. Rxf8+ Kxf8 26. Rf1+ Ke8
27. Bxh7 Nd7 28. Qxa6 Qe3+ 29. Kh1 Ke7 30. cxb5 Rh4 31. Bg8 Rxh2+ 32. Kxh2 Be5+
33. Kh1 Qh6+ 34. Kg1 Bh2+ 35. Kf2 Qd2+ 0-1

[Event "Aeroflot Open 2012 A"]
[Site "Moscow"]
[Date "2012.02.13"]
[Round "7"]
[White "Pap, Gyula"]
[Black "Ni, Hua"]
[Result "1/2-1/2"]
[WhiteElo "2533"]
[BlackElo "2641"]
[PlyCount "132"]
[EventDate "2012.02.07"]
[EventType "swiss"]
[EventRounds "9"]
[EventCountry "RUS"]

1. c4 e5 2. Nc3 Bb4 3. Nd5 Bc5 4. Nf3 c6 5. Nc3 Qe7 6. d4 exd4 7. Nxd4 Nf6 8.
Bg5 O-O 9. e3 h6 10. Bh4 d5 11. cxd5 Rd8 12. Be2 cxd5 13. O-O Nc6 14. Rc1 Bb6
15. Na4 Bxd4 16. exd4 Qb4 17. Bd3 Kf8 18. Bxf6 gxf6 19. Nc3 Qxd4 20. Qf3 Be6
21. Nb5 Qh4 22. Bf5 Bxf5 23. Qxf5 Qg5 24. Qd3 a6 25. f4 Qg6 26. Qxg6 fxg6 27.
Nc7 Nd4 28. Nxa8 Ne2+ 29. Kf2 Nxc1 30. Rxc1 Rxa8 31. Rc7 b5 32. g3 Re8 33. Rc6
Kf7 34. b4 Re4 35. a3 d4 36. Rxa6 Ke7 37. a4 bxa4 38. Rxa4 d3 39. Ra3 Rd4 40.
Ke1 d2+ 41. Kd1 Rxb4 42. Kxd2 Rb2+ 43. Ke3 Rxh2 44. Ra7+ Ke6 45. Ra6+ Kf5 46.
Kf3 h5 47. Ra5+ Ke6 48. Ra6+ Kf7 49. Ra7+ Kf8 50. Ra8+ Kg7 51. Ra7+ Kh6 52. Ra6
f5 53. Ra8 Rd2 54. Rb8 Rd3+ 55. Kf2 Kg7 56. Rb7+ Kf6 57. Rb6+ Kf7 58. Ra6 Rd7
59. Kf3 Re7 60. Rb6 Re6 61. Rb7+ Kf6 62. Rb8 Rd6 63. Ra8 Ke6 64. Ra5 Rc6 65.
Rb5 Rc3+ 66. Kg2 Rc2+ 1/2-1/2

[Event "Aeroflot Open 2012 A"]
[Site "Moscow"]
[Date "2012.02.13"]
[Round "7"]
[White "Ju, Wenjun"]
[Black "Khairullin, Ildar"]
[Result "1/2-1/2"]
[WhiteElo "2552"]
[BlackElo "2638"]
[PlyCount "102"]
[EventDate "2012.02.07"]
[EventType "swiss"]
[EventRounds "9"]
[EventCountry "RUS"]

1. d4 g6 2. c4 Bg7 3. g3 c5 4. d5 b5 5. cxb5 a6 6. bxa6 Nf6 7. Nc3 d6 8. Nf3
O-O 9. Bg2 Nbd7 10. O-O Nb6 11. Nd2 Bxa6 12. Rb1 Bb7 13. Nb3 Qc7 14. e4 Ba6 15.
Re1 Nfd7 16. f4 Rfb8 17. Kh1 Nc4 18. Qc2 Ra7 19. Nd2 Qa5 20. Nxc4 Bxc4 21. Bd2
Bxa2 22. Nxa2 Qxa2 23. e5 dxe5 24. Bc3 exf4 25. Bxg7 Kxg7 26. Rxe7 Nf6 27. Rxa7
Qxa7 28. gxf4 Qc7 29. f5 Qe5 30. Qxc5 Qxf5 31. Rf1 Qe5 32. Qc3 Qd6 33. Kg1 Rb6
34. h3 Kg8 35. Qc8+ Qf8 36. Qc7 Qd6 37. Qc8+ Qf8 38. Qc7 Rd6 39. Qc5 Nd7 40.
Qc3 Qd8 41. b4 Nb6 42. Rd1 Qg5 43. Qc5 Qg3 44. Qf2 Qxf2+ 45. Kxf2 Kf8 46. Ke3
Ke7 47. Kd4 Rf6 48. b5 Rf4+ 49. Ke5 Rf5+ 50. Kd4 Rf4+ 51. Ke5 Rf5+ 1/2-1/2

[Event "Aeroflot Open 2012 A"]
[Site "Moscow"]
[Date "2012.02.13"]
[Round "7"]
[White "Vidit, Santosh Gujrathi"]
[Black "Salgado Lopez, Ivan"]
[Result "1/2-1/2"]
[WhiteElo "2513"]
[BlackElo "2618"]
[PlyCount "28"]
[EventDate "2012.02.07"]
[EventType "swiss"]
[EventRounds "9"]
[EventCountry "RUS"]

1. d4 Nf6 2. c4 g6 3. Nc3 d5 4. Nf3 Bg7 5. Bf4 O-O 6. Rc1 dxc4 7. e3 Be6 8. Ng5
Bd5 9. e4 h6 10. exd5 hxg5 11. Bxg5 Nxd5 12. Bxc4 Nb6 13. Bb3 Nc6 14. Ne2 Nxd4
1/2-1/2

[Event "Aeroflot Open 2012 A"]
[Site "Moscow"]
[Date "2012.02.13"]
[Round "7"]
[White "Morovic Fernandez, Ivan"]
[Black "Tukhaev, Adam"]
[Result "0-1"]
[WhiteElo "2582"]
[BlackElo "2537"]
[PlyCount "91"]
[EventDate "2012.02.07"]
[EventType "swiss"]
[EventRounds "9"]
[EventCountry "RUS"]

1. c4 Nf6 2. g3 g6 3. Bg2 Bg7 4. d4 O-O 5. e4 d6 6. Nc3 e5 7. d5 a5 8. Nge2 Na6
9. h3 Nc5 10. Bg5 h6 11. Be3 c6 12. dxc6 bxc6 13. Qd2 Be6 14. b3 Kh7 15. Rd1
Nb7 16. O-O Qc8 17. Kh2 Nd7 18. f4 f5 19. Qc2 Nf6 20. c5 Nxc5 21. fxe5 Nfxe4
22. exd6 Qd7 23. Nxe4 Nxe4 24. Bd4 Bxd4 25. Rxd4 Bd5 26. Nf4 Qxd6 27. Qd3 Rad8
28. Rc1 Rd7 29. Rc2 Rfd8 30. Qe3 Re7 31. Qd3 g5 32. Nxd5 cxd5 33. Re2 Kg7 34.
Kg1 Qe5 35. g4 Rc8 36. Re1 Rc3 37. Qd1 Rc1 38. Qxc1 Qxd4+ 39. Kh2 f4 40. Qc2
Qe5 41. Bf3 Rc7 42. Qe2 Rc3 43. Qd1 Re3 44. Rg1 Nc3 45. Qf1 Ne2 46. Rg2 0-1

[Event "Aeroflot Open 2012 A"]
[Site "Moscow"]
[Date "2012.02.13"]
[Round "7"]
[White "Yilmaz, Mustafa"]
[Black "Solak, Dragan"]
[Result "1/2-1/2"]
[WhiteElo "2521"]
[BlackElo "2613"]
[PlyCount "25"]
[EventDate "2012.02.07"]
[EventType "swiss"]
[EventRounds "9"]
[EventCountry "RUS"]

1. e4 d5 2. exd5 Qxd5 3. Nc3 Qa5 4. d4 c6 5. Nf3 Nf6 6. Bd2 Bf5 7. Bc4 e6 8.
Nd5 Qd8 9. Nxf6+ gxf6 10. Bb3 Nd7 11. Qe2 Qc7 12. O-O-O O-O-O 13. Nh4 1/2-1/2

[Event "Aeroflot Open 2012 A"]
[Site "Moscow"]
[Date "2012.02.13"]
[Round "7"]
[White "Le, Quang Liem"]
[Black "Alsina Leal, Daniel"]
[Result "0-1"]
[WhiteElo "2714"]
[BlackElo "2535"]
[PlyCount "138"]
[EventDate "2012.02.07"]
[EventType "swiss"]
[EventRounds "9"]
[EventCountry "RUS"]

1. c4 Nf6 2. Nc3 d5 3. cxd5 Nxd5 4. Nf3 g6 5. Qb3 Nb6 6. d4 Bg7 7. Bf4 Be6 8.
Qa3 O-O 9. e3 c6 10. Ne4 N8d7 11. Be2 Bc4 12. Rc1 Bxe2 13. Kxe2 Nd5 14. Bg3 Qb6
15. Rhd1 a5 16. Kf1 Rfe8 17. Kg1 N5f6 18. Ned2 Nh5 19. Bh4 Bf8 20. Nc4 Qb5 21.
Qc3 Nb6 22. Nce5 Ng7 23. e4 f6 24. Nd3 f5 25. exf5 Nxf5 26. Bg3 Nxg3 27. hxg3
e6 28. Nc5 Na4 29. Qc2 Nxc5 30. dxc5 Rad8 31. Nd4 Qxc5 32. Qxc5 Bxc5 33. Rxc5
e5 34. Rxa5 exd4 35. Kf1 Re6 36. b4 Kf7 37. Rc5 Ra8 38. Rc2 Rd6 39. Ke2 Ra4 40.
Rb2 b6 41. Kd3 Ra3+ 42. Ke4 Re6+ 43. Kf4 Kf6 44. Rxd4 h5 45. Rb3 Rxa2 46. g4
Rxf2+ 47. Kg3 Ree2 48. Rf3+ Ke5 49. Rxf2 Rxf2 50. Rd8 Rb2 51. Rc8 Kd5 52. Rd8+
Kc4 53. Rg8 hxg4 54. Rxg6 Kb5 55. Rxg4 Rxb4 56. Rg8 c5 57. Kf3 c4 58. Rc8 Rb3+
59. Kf4 Rb1 60. g4 Rf1+ 61. Ke5 Rg1 62. Kf5 Kb4 63. g5 b5 64. g6 c3 65. Kf6 Kb3
66. g7 b4 67. g8=Q+ Rxg8 68. Rxg8 c2 69. Rc8 Kb2 0-1